000
00228 a2200097 4500
001
35121
100
_a
Sohail Mahmood
245
_a
Bureaucracy in Pakistan
260
_a
Lahore
_b
Progressive Publishers
_c
090
_c
23265
_d
23265
942
_a
NUST-CAE
_c
M
_c
14742
999
_c
270194
_d
270194